Changes in the Strategic Internal Control of Companies under Crisis Pressure

Kľúčové zmeny v strategickej vnútornej kontrole spoločností pod tlakom krízových javov. Skúmanie, ako prispôsobiť strategickú vnútornú kontrolu vyvíjajúcej sa kríze začlenením kontrolných opatrení environmentálnej udržateľnosti a adaptáciou strategického modelu.

Salvato in:
Dettagli Bibliografici
Autore principale: Mihаylova, Lyudmila
Altri autori: Papazov, Emil
Natura: Capitolo di libro
Lingua:inglese
Soggetti:
Tags: Aggiungi Tag
Nessun Tag, puoi essere il primo ad aggiungerne!!

MARC

LEADER 00000naa a2200000 4500
001 0277826
005 20210813083934.1
041 0 |a eng 
044 |a CZ 
245 1 0 |a Changes in the Strategic Internal Control of Companies under Crisis Pressure  |c Lyudmila Mihаylova, Emil Papazov 
520 |a Kľúčové zmeny v strategickej vnútornej kontrole spoločností pod tlakom krízových javov. Skúmanie, ako prispôsobiť strategickú vnútornú kontrolu vyvíjajúcej sa kríze začlenením kontrolných opatrení environmentálnej udržateľnosti a adaptáciou strategického modelu. 
610 2 0 |a kríza 
610 2 0 |a kontrola vnútorná 
610 2 0 |a kontrola 
610 2 0 |a manažment 
610 2 0 |a spoločnosť 
100 1 |a Mihаylova, Lyudmila 
700 1 |a Papazov, Emil